Sociální ochrana chudých v České republice

Gespeichert in:
Bibliographische Detailangaben
1. Verfasser: Kotýnková, Magdaléna
Format: Buch
Sprache:Tschechisch
Veröffentlicht: Praha Vysoká škola ekonomická v Praze. Nakladatelství Oeconomica 2007
Schlagworte:
Tags: Tag hinzufügen
Keine Tags, Fügen Sie das erste Tag hinzu!

MARC

LEADER 00000nam a2200000 4500
001 0135272
005 20240313090422.7
020 |a 978-80-245-1302-7 
041 0 |a cze 
044 |a CZ 
245 1 0 |a Sociální ochrana chudých v České republice  |c Magdalena Kotýnková 
264 1 |a Praha  |b Vysoká škola ekonomická v Praze. Nakladatelství Oeconomica  |c 2007 
300 |a 132 s. 
610 2 0 |a chudoba 
610 2 0 |a siete sociálne 
610 2 0 |a príjmy 
610 2 0 |a nerovnosť 
610 2 0 |a zabezpečenie sociálne 
610 2 0 |a nezamestnanosť 
610 2 0 |a problémy spoločenské 
610 2 0 |a potreby životné 
610 2 0 |a domácnosti 
610 2 0 |a podpora štátna 
610 2 0 |a dávky 
610 2 0 |a dávky sociálne 
610 2 0 |a minimum existenčné 
610 2 0 |a núdza hmotná 
610 2 0 |a Česko 
100 1 |a Kotýnková, Magdaléna